Business Analytics: Methods, Models and Decisions/ (Record no. 178578)

MARC details
000 -LEADER
fixed length control field 00682nam a22001937a 4500
005 - DATE AND TIME OF LATEST TRANSACTION
control field 20210407111658.0
010 ## - LCCN (DPL NO)
LC control number ENG-129380
020 ## - INTERNATIONAL STANDARD BOOK NUMBER
Terms of availability 799.00
International Standard Book Number 978-93-903-9458-6
035 ## - SYSTEM CONTROL NUMBER
System control number EN-112912
037 ## - SOURCE OF ACQUISITION
Source of stock number/acquisition DBAD/PUB
082 ## - DEWEY DECIMAL CLASSIFICATION NUMBER
Classification number 658.401
100 ## - MAIN ENTRY--PERSONAL NAME
Personal name Evans, James R.
245 ## - TITLE STATEMENT
Title Business Analytics: Methods, Models and Decisions/
Remainder of title James R. Evans
250 ## - EDITION STATEMENT
Edition statement 3rd
260 ## - PUBLICATION, DISTRIBUTION, ETC. (IMPRINT)
Place of publication, distribution, etc Noida
Name of publisher, distributor, etc Pearson
Date of publication, distribution, etc 2021
270 ## - ADDRESS
Address 15th floor,Tower-B,Word Trade Tower,Plot no.1,Block-C sec 16,
City Noida
Postal code 201301
Telephone number 04466540100
Electronic mail address companysecretary.india@pearson.com
300 ## - PHYSICAL DESCRIPTION
Extent 704p.
Dimensions 25cm(pbk)
Other physical details Geometrical tables, illustrations and index.
942 ## - ADDED ENTRY ELEMENTS (KOHA)
Source of classification or shelving scheme Dewey Decimal Classification
Item type English Books
Classification part 658.401
Call number suffix EVA
Holdings
Withdrawn status Lost status Not for loan Collection code Home library Current library Date acquired Source of acquisition Cost, normal purchase price Full call number Barcode Copy number Cost, replacement price Koha item type
      Non-fiction Bawana Bawana 07/04/2021 DBAD/PUB 799.00 658.401 EVA EN-112912 1 799.00 English Books

© Delhi Public Library
Hit Counter
free hit counter